000 00629nam a2200193 a 4500
001 000020975
003 DO-SdBNP
005 20210615135058.0
008 100825s1981 dr a 001 0 spa d
040 _aDO-SdBNP
_bspa
_cBNPHU
049 _aBNPD
082 _axxxx
_bR426o
110 1 _aRepública Dominicana
_bSecretariado Técnico de la Presidencia
_bOficina Nacional de Estadística
_910866
245 1 0 _aV Censo nacional de habitación 1970 :
_b9 y 10 enero .
246 1 3 _aQuinto censo nacional de habitación
260 _aSanto Domingo :
_bOffset,
_c1981.
300 _aXVII,114 p. :
_bil. ;
_c27 cm.
942 _2ddc
_cLBS1
999 _c20478
_d20478